[Event "Reykjavik op"]
[Site "Reykjavik"]
[Date "2019.04.13"]
[Round "6"]
[White "Abbas, Ahmed C"]
[Black "Magnusson, Magnus"]
[Result "0-1"]
[WhiteElo "1561"]
[BlackElo "2006"]
[PlyCount "116"]
[EventDate "2019.04.08"]
[EventType "swiss"]
[EventRounds "9"]
[EventCountry "ISL"]
[SourceTitle "CBM 189 Extra"]
[Source "ChessBase"]
[SourceDate "2019.06.03"]
[SourceVersion "1"]
[SourceVersionDate "2019.06.03"]
[SourceQuality "1"]

1. e4 e5 2. Nf3 Nc6 3. Bc4 Nf6 4. d3 Bc5 5. c3 Bb6 6. Bb3 d5 7. Qe2 0-0 8. 0-0 d4 9. Nbd2 Qe7 10. Re1 h6 11. Nf1 dxc3 12. bxc3 Ng4 13. Ne3 Nxe3 14. Bxe3 Bxe3 15. Qxe3 Bg4 16. Nd2 Rfd8 17. f3 Bc8 18. Nf1 h5 19. Rad1 Na5 20. Bc2 Qa3 21. Qg5 f6 22. Qxh5 Qxc3 23. Rc1 Qd4+ 24. Kh1 Be6 25. Qh4 Qd7 26. Ne3 Nc6 27. Bb3 Bxb3 28. axb3 Nd4 29. b4 c6 30. Qg3 a5 31. Nc4 Qe7 32. bxa5 Nb3 33. Rcd1 Nxa5 34. Ne3 Nb3 35. Nf5 Qd7 36. Nh6+ Kf8 37. Nf5 Nd4 38. Nh4 g5 39. Ng6+ Kg7 40. Nxe5 fxe5 41. Qxe5+ Kf7 42. Qg3 Ra2 43. Qxg5 Qd6 44. Qh5+ Kg7 45. f4 Qxf4 46. Qh3 Rh8 47. Qd7+ Kg6 48. h3 Qg3 49. Rg1 Rxg2 50. Rxg2 Rxh3+ 51. Kg1 Nf3+ 52. Kf1 Rh1+ 53. Ke2 Nd4+ 54. Qxd4 Qxg2+ 55. Ke3 Rxd1 56. Qd6+ Kh5 57. Kd4 Qf2+ 58. Kc4 Qc2+ 0-1

[Event "Helsingor Xtracon op"]
[Site "Helsingor"]
[Date "2017.07.25"]
[Round "5"]
[White "Guindy, Esmat Susanne"]
[Black "Magnusson, Magnus"]
[Result "1-0"]
[WhiteElo "2158"]
[BlackElo "2005"]
[PlyCount "83"]
[EventDate "2017.07.22"]
[EventType "swiss"]
[EventRounds "10"]
[EventCountry "DEN"]
[SourceTitle "CBM 179 Extra"]
[Source "ChessBase"]
[SourceDate "2017.08.23"]
[SourceVersion "1"]
[SourceVersionDate "2017.08.23"]
[SourceQuality "1"]

1. Nf3 Nf6 2. c4 d6 3. d4 Nbd7 4. Nc3 e5 5. g3 h6 6. Bg2 c5 7. d5 Qe7 8. e4 g5 9. h3 Bg7 10. Bd2 Nf8 11. Qb3 Ng6 12. 0-0-0 0-0 13. h4 g4 14. Ne1 Qc7 15. Nc2 a6 16. a4 Bd7 17. Bf1 Ne7 18. Be2 Rab8 19. Ne3 h5 20. f4 exf4 21. gxf4 Ng6 22. Rdf1 Rfe8 23. Bd3 Bh6 24. e5 Nxf4 25. Rxf4 Bxf4 26. exf6 Bxe3 27. Qd1 Re5 28. Bxe3 Bf5 29. Bf4 Bxd3 30. Bxe5 Bg6 31. Qd2 Kh7 32. Bg3 Qd7 33. Qf4 b5 34. cxb5 axb5 35. Be1 Qf5 36. Qxf5 Bxf5 37. axb5 Kg6 38. Bg3 Ra8 39. Kd2 Kxf6 40. Bxd6 c4 41. b6 Bc8 42. Re1 1-0

[Event "Reykjavik op"]
[Site "Reykjavik"]
[Date "2017.04.20"]
[Round "2"]
[White "Roebuck, Derek"]
[Black "Magnusson, Magnus"]
[Result "0-1"]
[WhiteElo "1661"]
[BlackElo "1978"]
[PlyCount "83"]
[EventDate "2017.04.19"]
[EventType "swiss"]
[EventRounds "10"]
[EventCountry "ISL"]
[SourceTitle "CBM 178 Extra"]
[Source "ChessBase"]
[SourceDate "2017.06.22"]
[SourceVersion "1"]
[SourceVersionDate "2017.06.22"]
[SourceQuality "1"]

1. e4 e5 2. Nf3 Nc6 3. Bc4 Nf6 4. d4 exd4 5. 0-0 Bc5 6. e5 d5 7. exf6 dxc4 8. fxg7 Rg8 9. Re1+ Be6 10. Bg5 Qd5 11. Nc3 Qf5 12. Ne4 Rxg7 13. Nh4 Qxg5 14. Nxg5 Rxg5 15. Nf3 Rd5 16. Nd2 Rf5 17. Nxc4 0-0-0 18. b3 Rg8 19. Nd2 Bd5 20. g3 Ne5 21. Ne4 Nf3+ 22. Qxf3 Rxf3 23. Nxc5 Rc3 24. Nd3 Rxc2 25. Nb4 Rc5 26. Re5 Rd8 27. Nxd5 Rcxd5 28. Rxd5 Rxd5 29. Kg2 c5 30. Kf3 Kd7 31. Ke4 Kd6 32. f4 Rh5 33. h4 f5+ 34. Kd3 Rh6 35. Rg1 Re6 36. g4 fxg4 37. Rxg4 Rg6 38. Rxg6+ hxg6 39. Ke4 Ke6 40. b4 b6 41. bxc5 bxc5 42. a4 0-1

[Event "ISL-chT 1415"]
[Site "Reykjavik"]
[Date "2015.03.21"]
[Round "8.5"]
[White "Hardarson, Jon Trausti"]
[Black "Magnusson, Magnus"]
[Result "1-0"]
[WhiteElo "2092"]
[BlackElo "1978"]
[PlyCount "79"]
[EventDate "2014.10.02"]
[EventType "team-tourn"]
[EventRounds "9"]
[EventCountry "ISL"]
[SourceTitle "EXT 2016"]
[Source "ChessBase"]
[SourceDate "2015.10.08"]
[SourceVersion "1"]
[SourceVersionDate "2015.10.08"]
[SourceQuality "1"]
[WhiteTeam "Fjolnis"]
[BlackTeam "Island"]
[WhiteTeamCountry "ISL"]
[BlackTeamCountry "ISL"]

1. d4 Nf6 2. c4 e6 3. Nc3 Bb4 4. Qc2 0-0 5. a3 Be7 6. e4 d6 7. Nf3 c5 8. dxc5 dxc5 9. e5 Ne8 10. Bf4 a6 11. Rd1 Qc7 12. Qe4 Qb6 13. Bd3 f5 14. exf6 Nxf6 15. Qe2 Nc6 16. 0-0 Nd4 17. Nxd4 cxd4 18. Ne4 g6 19. Be5 Nd7 20. f4 Nxe5 21. fxe5 Bd7 22. b4 Ba4 23. Rde1 Kg7 24. c5 Qc6 25. Nd6 Bb3 26. Bc4 Bxc4 27. Qxc4 Bxd6 28. exd6 Rxf1+ 29. Kxf1 Rf8+ 30. Kg1 Qd5 31. Qxd5 exd5 32. Rd1 Rc8 33. Rxd4 Kf7 34. Rxd5 Ke6 35. Rd2 Kd7 36. Re2 b6 37. Re7+ Kc6 38. Rxh7 bxc5 39. bxc5 Rf8 40. Rc7+ 1-0

[Event "Reykjavik op"]
[Site "Reykjavik"]
[Date "2011.03.12"]
[Round "4.68"]
[White "Sverrisson, Nokkvi"]
[Black "Magnusson, Magnus"]
[Result "1-0"]
[WhiteElo "1824"]
[BlackElo "2026"]
[PlyCount "77"]
[EventDate "2011.03.09"]
[EventType "swiss"]
[EventRounds "9"]
[EventCountry "ISL"]
[SourceTitle "CBM 141 Extra"]
[Source "ChessBase"]
[SourceDate "2011.05.03"]
[SourceVersion "1"]
[SourceVersionDate "2011.05.03"]
[SourceQuality "1"]

1. e4 e5 2. Nf3 Nc6 3. d4 exd4 4. Bc4 Nf6 5. e5 d5 6. Bb5 Ne4 7. Nxd4 Bd7 8. Bxc6 bxc6 9. 0-0 Be7 10. f3 Nc5 11. f4 f5 12. Nc3 g6 13. Be3 Ne6 14. Nxe6 Bxe6 15. Na4 Qb8 16. Qd4 Qb4 17. Nc5 Qxd4 18. Bxd4 Kf7 19. Rf3 Rhb8 20. Rb3 Rb5 21. Rxb5 cxb5 22. b4 a5 23. c3 axb4 24. cxb4 Ra3 25. Kf2 g5 26. g3 gxf4 27. gxf4 Bh4+ 28. Ke2 Rh3 29. Rh1 Bg3 30. Kf3 Bh4+ 31. Kg2 Ra3 32. Ra1 Ke7 33. Nb3 Bf7 34. Kh3 Be1 35. Rxe1 Rxa2 36. Bc5+ Kd7 37. Nd4 Bg6 38. e6+ Ke8 39. Nxb5 1-0

[Event "Reykjavik op"]
[Site "Reykjavik"]
[Date "2011.03.11"]
[Round "3.41"]
[White "Magnusson, Magnus"]
[Black "Karavade, Eesha"]
[Result "0-1"]
[WhiteElo "2026"]
[BlackElo "2330"]
[PlyCount "66"]
[EventDate "2011.03.09"]
[EventType "swiss"]
[EventRounds "9"]
[EventCountry "ISL"]
[SourceTitle "CBM 141 Extra"]
[Source "ChessBase"]
[SourceDate "2011.05.03"]
[SourceVersion "1"]
[SourceVersionDate "2011.05.03"]
[SourceQuality "1"]

1. e4 c5 2. Nf3 d6 3. g3 Nc6 4. Bg2 g6 5. d3 Bg7 6. Be3 Rb8 7. Qd2 b5 8. Nc3 b4 9. Nd1 Qb6 10. 0-0 e6 11. Nh4 Nge7 12. Bh6 0-0 13. Bxg7 Kxg7 14. Ne3 Qc7 15. f4 f5 16. exf5 exf5 17. Rfe1 Bb7 18. c3 bxc3 19. bxc3 Ba8 20. Nf3 h6 21. d4 Kh7 22. Re2 cxd4 23. cxd4 Nb4 24. Rc1 Qd7 25. Rce1 Be4 26. d5 Nd3 27. Rd1 Qa4 28. Ne1 Rb2 29. N1c2 Rc8 30. Bxe4 fxe4 31. Rf1 Nf5 32. Qd1 Nxe3 33. Nxe3 Qxd1 0-1

[Event "ISL-chT2 1011"]
[Site "Reykjavik"]
[Date "2010.10.08"]
[Round "1.2"]
[White "Magnusson, Magnus"]
[Black "Halldorsson, Bragi"]
[Result "1-0"]
[WhiteElo "2046"]
[BlackElo "2205"]
[PlyCount "103"]
[EventDate "2010.10.08"]
[EventType "team"]
[EventRounds "7"]
[EventCountry "ISL"]
[SourceTitle "EXT 2014"]
[Source "ChessBase"]
[SourceDate "2013.11.20"]
[SourceVersion "1"]
[SourceVersionDate "2013.11.20"]
[SourceQuality "1"]

1. e4 c6 2. d3 d5 3. Nd2 e5 4. Ngf3 Nd7 5. g3 Ngf6 6. Bg2 Bd6 7. 0-0 0-0 8. c4 dxe4 9. dxe4 Nc5 10. Qc2 a5 11. b3 Bg4 12. Bb2 Qc7 13. a3 Bxf3 14. Bxf3 Ne6 15. Bg2 Bc5 16. Nf3 Nd7 17. Rfd1 Rad8 18. Bc3 Rfe8 19. b4 axb4 20. axb4 Bf8 21. Bh3 c5 22. Bxe6 Rxe6 23. b5 f6 24. Ne1 Nb6 25. Ba5 Rd4 26. Ng2 Qf7 27. Bxb6 Rxb6 28. Ne3 Rbd6 29. Nd5 Qh5 30. Kg2 Qg4 31. f3 Qd7 32. Ra8 Re6 33. Rxd4 exd4 34. f4 Re8 35. Rxe8 Qxe8 36. Kf3 Qa8 37. e5 fxe5 38. fxe5 Qc8 39. g4 h5 40. h3 hxg4+ 41. hxg4 Qe6 42. Qf5 Qh6 43. Qh5 Qc1 44. Qe8 Qf1+ 45. Ke4 Qh1+ 46. Kf5 Qh7+ 47. Ke6 Qh6+ 48. Kd7 Qg5 49. e6 Qxg4 50. Qf7+ Kh8 51. Qxf8+ Kh7 52. Qf4 1-0

[Event "ISL-chB"]
[Site "Reykjavik"]
[Date "2009.09.01"]
[Round "4"]
[White "Thorsteinsson, Thorsteinn"]
[Black "Magnusson, Magnus"]
[Result "1/2-1/2"]
[WhiteElo "2286"]
[BlackElo "2055"]
[PlyCount "146"]
[EventDate "2009.08.29"]
[EventType "swiss"]
[EventRounds "9"]
[EventCountry "ISL"]
[SourceTitle "EXT 2012"]
[Source "ChessBase"]
[SourceDate "2011.11.24"]
[SourceVersion "1"]
[SourceVersionDate "2011.11.24"]
[SourceQuality "1"]

1. d4 Nf6 2. c4 e6 3. Nc3 Bb4 4. Qc2 0-0 5. a3 Be7 6. Nf3 d6 7. e4 Nbd7 8. Be2 e5 9. 0-0 c5 10. dxc5 dxc5 11. Rd1 Qc7 12. b3 a6 13. Bb2 Re8 14. Rac1 Nf8 15. Nd5 Nxd5 16. Bxe5 Bd6 17. Bxd6 Qxd6 18. cxd5 Qf4 19. Qxc5 Qxe4 20. Bd3 Qf4 21. Qc7 Qf6 22. Qc3 Qd6 23. Qc5 Qf6 24. Qd4 Qd6 25. b4 Bd7 26. Re1 Rxe1+ 27. Rxe1 Rd8 28. Qc5 Qf4 29. Re4 Qh6 30. Qe3 Qf6 31. Rd4 Ba4 32. h3 h6 33. Bb1 Rd6 34. Nd2 Qd8 35. Ba2 Rd7 36. Nf3 Re7 37. Qd2 Qd6 38. Qf4 Qxf4 39. Rxf4 Re2 40. Bc4 Rc2 41. d6 Rc1+ 42. Kh2 Ne6 43. Bxe6 fxe6 44. Rd4 Rc8 45. Ne5 g5 46. h4 Kg7 47. hxg5 hxg5 48. g3 Kf6 49. f4 gxf4 50. gxf4 Rg8 51. Kh3 Bb5 52. Ng4+ Kg6 53. d7 Rd8 54. Ne5+ Kf6 55. Rd6 Ke7 56. Rb6 Rb8 57. d8Q+ Kxd8 58. Rxe6 Bd7 59. Nxd7 Kxd7 60. Re3 Rg8 61. Rg3 Rf8 62. Kg4 Ke6 63. Rc3 Rg8+ 64. Kf3 Rg7 65. Rc5 Rh7 66. Ke4 Rh3 67. Rc7 Rxa3 68. Rxb7 Ra4 69. Rb6+ Kd7 70. Kd5 a5 71. Kc5 Rxb4 72. Rxb4 axb4 73. Kxb4 Ke6 1/2-1/2